Archaeology of middle Ganga plain (Record no. 1005506)

MARC details
000 -LEADER
fixed length control field 00893nam a2200265Ia 4500
003 - CONTROL NUMBER IDENTIFIER
control field OSt
005 - DATE AND TIME OF LATEST TRANSACTION
control field 20221005100618.0
008 - FIXED-LENGTH DATA ELEMENTS--GENERAL INFORMATION
fixed length control field 221004b |||||||| |||| 00| 0 eng d
020 ## - INTERNATIONAL STANDARD BOOK NUMBER
International Standard Book Number 8173052670
037 ## - SOURCE OF ACQUISITION
Terms of availability Textual
040 ## - CATALOGING SOURCE
Original cataloging agency CRL
Transcribing agency CRL
Language of cataloging eng
041 ## - LANGUAGE CODE
Source of code eng
Language code of text/sound track or separate title eng
100 ## - MAIN ENTRY--PERSONAL NAME
Personal name Purushottam Singh
9 (RLIN) 8312
245 #0 - TITLE STATEMENT
Title Archaeology of middle Ganga plain
Remainder of title New perspectives (Excavations at Agiabir)
260 ## - PUBLICATION, DISTRIBUTION, ETC.
Place of publication, distribution, etc. Shimla
Name of publisher, distributor, etc. Indian Institute of Advanced Study India
Date of publication, distribution, etc. 2004
300 ## - PHYSICAL DESCRIPTION
Extent 93p.
Dimensions cm.
650 ## - SUBJECT ADDED ENTRY--TOPICAL TERM
Topical term or geographic name entry element HISTORY
700 ## - ADDED ENTRY--PERSONAL NAME
Personal name Ashok Kumar Singh
9 (RLIN) 8313
942 ## - ADDED ENTRY ELEMENTS (KOHA)
Classification part V252p1G:71.P0, P4
Koha item type Textual
Source of classification or shelving scheme
Holdings
Withdrawn status Lost status Damaged status Not for loan Home library Current library Date acquired Source of acquisition Cost, normal purchase price Total Checkouts Full call number Barcode Date last seen Cost, replacement price Price effective from Koha item type
        Central Library Central Library 2022-10-05 9349, 30/03/2005, Aryan Books International 750.00   V252p1G:71.P0 P4 CL1179699 2022-10-05 750.00 2022-10-05 Textual
Copyright @ Delhi University Library System